Statistics for Doubt - ​Twenty Øne Piløts - All Lyrics

Click here to take the quiz!

General Stats

  • This quiz has been taken 24 times
  • The average score is 168 of 223

Answer Stats

Answer% Correct
Don’t
100%
Don't
100%
forget
100%
me,
100%
me
100%
I
94%
no
94%
No
94%
no,
94%
when
94%
you
94%
You
94%
you,
94%
about
88%
doubt
88%
Even
88%
I'm
88%
I’m
88%
the
88%
be
81%
Hey!
81%
my
81%
of
81%
with
81%
without
81%
good
75%
on
69%
that
69%
to
69%
are
63%
death
63%
got,
63%
if
63%
I've
63%
know
63%
not
63%
can
56%
hands
56%
I'll
56%
is
56%
leads
56%
own
56%
please
56%
Scared
56%
scared
56%
all
50%
dark
50%
die
50%
immaturity
50%
inside
50%
might
50%
see
50%
this
50%
anxiety
44%
ceiling,
44%
dropping
44%
dropping,
44%
ever
44%
fear
44%
Fear
44%
image,
44%
parts
44%
Shaking
44%
someone
44%
sure
44%
temperature
44%
Temperature
44%
their
44%
thoughts,
44%
uncertainty
44%
what's
44%
again
38%
bishops,
38%
Gnawing
38%
Hope
38%
left
38%
skin
38%
system
38%
way
38%
claw
31%
haven't
31%
insisted
31%
phrases
31%
simple
31%
stopping
31%
Want
31%
holy
25%
Repeating
25%
something
25%
up
25%
made
19%
our
19%
markings
13%
mean
13%

Score Distribution

Percentile by Number Answered

Percent of People with Each Score

Your Score History

You have not taken this quiz